Metapsicología y hecho religioso

Uloženo v:
Podrobná bibliografie
Hlavní autor: Rodríguez Amenábar, Saúl Miguel (Autor)
Médium: Kniha
Jazyk:španělština
Vydáno: Buenos Aires EUDEBA 1979
Témata:
Tagy: Přidat tag
Žádné tagy, Buďte první, kdo vytvoří štítek k tomuto záznamu!

MARC

LEADER 00000nam a2200000 a 4500
001 UCX4713
003 CL-VaPUC
008 920716e19790000AG |||||||||||||||||spa|d
082 0 4 |a 200.19  |b ROD  |2 21 
100 0 |a Rodríguez Amenábar, Saúl Miguel  |e author  |9 320991 
245 1 0 |a Metapsicología y hecho religioso 
300 |a 301 p 
942 |c BK 
945 |d 19920716 00:00:00 
260 |a Buenos Aires  |b EUDEBA  |c 1979 
650 0 |a Personalidad   |9 307255 
650 7 |a PSICOLOGIA DE LA RELIGION  |2 CL-VaPUC  |9 310502 
583 |a last modification  |c 19920716 00:00:00  |k Rodrigo Vera 
999 |c 225119  |d 225117 
952 |0 0  |1 0  |4 0  |6 200_190000000000000_ROD_1979  |7 0  |8 A  |9 222338  |a BIBTEO  |b BIBTEO  |d 2019-11-15  |i 291168K  |o 200.19 ROD 1979  |p 291168K  |r 2025-01-17  |w 2019-11-15  |y BK  |k ICR 
952 |0 0  |1 2  |4 0  |6 200_190000000000000_ROD_1979  |7 0  |8 A  |9 222339  |a BIBTEO  |b BIBTEO  |d 2019-11-15  |i 360635K  |o 200.19 ROD 1979  |p 360635K  |r 2019-11-15  |w 2019-11-15  |x Descarte 2019  |y BK  |k ICR